[Event "POL-chT 2nd League"]
[Site "Jastrzebia Gora"]
[Date "2023.09.10"]
[Round "9.32"]
[White "Garbowski, Jakub"]
[Black "Sliwicki, Damian"]
[Result "1-0"]
[WhiteElo "2129"]
[BlackElo "2091"]
[PlyCount "97"]
[EventDate "2023.09.02"]
[EventType "team-swiss"]
[EventRounds "9"]
[EventCountry "POL"]
[SourceTitle "CBM 216 Extra"]
[Source "ChessBase"]
[SourceDate "2023.11.30"]
[SourceVersion "1"]
[SourceVersionDate "2023.11.30"]
[SourceQuality "1"]
[WhiteTeam "Jaworzno"]
[BlackTeam "Torun UKS"]
[WhiteTeamCountry "POL"]
[BlackTeamCountry "POL"]

1. e4 d5 2. exd5 Nf6 3. Nf3 Qxd5 4. d4 Bf5 5. Be2 e6 6. 0-0 Nc6 7. h3 0-0-0 8. Be3 Qd6 9. c4 Ne4 10. c5 Qd5 11. Qa4 f6 12. Rd1 Kb8 13. Nc3 Qd7 14. Rac1 Be7 15. d5 exd5 16. Nxd5 Qe6 17. Nf4 Qc8 18. Rxd8 Rxd8 19. Bb5 g5 20. Ne2 Ne5 21. c6 b6 22. Ba6 Nxf3+ 23. gxf3 Qe6 24. Nd4 Rxd4 25. Qxd4 Nd6 26. Bf1 Bxh3 27. Bxh3 Qxh3 28. Qg4 Qh6 29. Qe6 Nc8 30. Kg2 Qg6 31. Bd4 Qd3 32. Bc3 h5 33. Re1 h4 34. Qd7 h3+ 35. Qxh3 f5 36. Qh8 Qd6 37. Qe8 g4 38. Qd7 gxf3+ 39. Kxf3 Qg6 40. Be5 Qg4+ 41. Ke3 Qe4+ 42. Kd2 Bg5+ 43. f4 Bxf4+ 44. Bxf4 Qxf4+ 45. Kd1 Qd6+ 46. Kc1 a5 47. Kb1 f4 48. Re6 Qf8 49. Re8 1-0

[Event "POL-chT 2nd League"]
[Site "Jastrzebia Gora"]
[Date "2023.09.07"]
[Round "6.44"]
[White "Laszewicz, Pawel"]
[Black "Garbowski, Jakub"]
[Result "1/2-1/2"]
[WhiteElo "1997"]
[BlackElo "2129"]
[PlyCount "109"]
[EventDate "2023.09.02"]
[EventType "team-swiss"]
[EventRounds "9"]
[EventCountry "POL"]
[SourceTitle "CBM 216 Extra"]
[Source "ChessBase"]
[SourceDate "2023.11.30"]
[SourceVersion "1"]
[SourceVersionDate "2023.11.30"]
[SourceQuality "1"]
[WhiteTeam "Radkow Giecek"]
[BlackTeam "Jaworzno"]
[WhiteTeamCountry "POL"]
[BlackTeamCountry "POL"]

1. e4 e5 2. Nf3 Nf6 3. Nxe5 d6 4. Nd3 Nxe4 5. Qe2 Qe7 6. Nf4 c6 7. d4 d5 8. Be3 Nd7 9. f3 Nd6 10. Nc3 Nf5 11. Nfxd5 cxd5 12. Nxd5 Nxd4 13. Bxd4 Qxe2+ 14. Bxe2 Bd6 15. Bxg7 Rg8 16. Bc3 Rxg2 17. Bb5 Kf8 18. 0-0-0 Nc5 19. Kb1 Rg6 20. h4 Be6 21. Nf6 Ke7 22. Rhe1 Bg3 23. Nd5+ Kf8 24. Rh1 Rd8 25. h5 Rg5 26. Nf6 Rxd1+ 27. Rxd1 Ke7 28. Nxh7 Rf5 29. h6 Bf4 30. Rh1 Bxh6 31. Rxh6 Rxf3 32. Bf6+ Kd6 33. Rh1 Ne4 34. Ng5 Nxg5 35. Bxg5 Rf5 36. Be3 Rxb5 37. Bxa7 Bxa2+ 38. Kxa2 Ra5+ 39. Kb3 Rxa7 40. c4 Ra8 41. Rh6+ Ke5 42. Kb4 f5 43. Kb5 f4 44. Rh5+ Ke4 45. Rh7 Rf8 46. Rxb7 f3 47. Re7+ Kd4 48. Rd7+ Ke3 49. c5 Ke2 50. Rh7 f2 51. Rh1 Rb8+ 52. Kc6 Rxb2 53. Kc7 Rd2 54. c6 Rd1 55. Rh2 1/2-1/2

[Event "POL-ch Universities"]
[Site "Bydgoszcz"]
[Date "2023.03.10"]
[Round "5"]
[White "Garbowski, Jakub"]
[Black "Szelag, Marcin"]
[Result "0-1"]
[WhiteElo "2129"]
[BlackElo "2398"]
[PlyCount "86"]
[EventDate "2023.03.10"]
[EventType "swiss"]
[EventRounds "9"]
[EventCountry "POL"]
[SourceTitle "CBM 213 Extra"]
[Source "ChessBase"]
[SourceDate "2023.05.31"]
[SourceVersion "1"]
[SourceVersionDate "2023.05.31"]
[SourceQuality "1"]

1. e4 e6 2. d4 d5 3. Nd2 c5 4. exd5 exd5 5. Ngf3 Nc6 6. Bb5 Bd6 7. dxc5 Bxc5 8. 0-0 Nge7 9. Nb3 Bd6 10. Bg5 0-0 11. Qd2 Qc7 12. h3 h6 13. Bxe7 Nxe7 14. Nbd4 a6 15. Bd3 Bd7 16. Rfe1 Rfe8 17. c3 Rad8 18. Re2 Bf4 19. Qc2 Nc6 20. Rae1 Nxd4 21. Nxd4 Qd6 22. Rxe8+ Rxe8 23. Rxe8+ Bxe8 24. Qe2 Bd7 25. Bf5 Bxf5 26. Nxf5 Qe6 27. Nd4 Qe4 28. g3 Bc1 29. b3 Qxe2 30. Nxe2 Bd2 31. f4 f5 32. Kf2 Kf7 33. Kf3 b5 34. a4 bxa4 35. bxa4 g6 36. g4 Kf6 37. h4 fxg4+ 38. Kxg4 h5+ 39. Kf3 Ke7 40. Ng3 Bxc3 41. f5 Kf6 42. fxg6 Kxg6 43. Ke2 Bf6 0-1

[Event "Krakow op-A 32nd"]
[Site "Krakow"]
[Date "2022.01.04"]
[Round "9"]
[White "Flak, Pawel"]
[Black "Garbowski, Jakub"]
[Result "0-1"]
[WhiteElo "2206"]
[BlackElo "2145"]
[PlyCount "68"]
[EventDate "2021.12.27"]
[EventType "swiss"]
[EventRounds "9"]
[EventCountry "POL"]
[SourceTitle "EXT 2023"]
[Source "ChessBase"]
[SourceDate "2022.10.05"]
[SourceVersion "1"]
[SourceVersionDate "2022.10.05"]
[SourceQuality "1"]

1. d4 Nf6 2. c4 g6 3. Nc3 d5 4. Nf3 Bg7 5. Bf4 0-0 6. e3 Be6 7. c5 b6 8. b4 a5 9. a3 Ne4 10. Qc1 axb4 11. axb4 Rxa1 12. Qxa1 Nc6 13. Nxe4 dxe4 14. Ng5 Bd5 15. Qc3 h6 16. Nh3 g5 17. Bg3 f5 18. Bb5 f4 19. Bxc6 Bxc6 20. exf4 Bxd4 21. Qc4+ Qd5 22. Qxd5+ Bxd5 23. 0-0 g4 24. Rd1 Ra8 25. cxb6 cxb6 26. Ng5 hxg5 27. fxg5 Ra1 28. Rxa1 Bxa1 29. h3 Bc3 30. Bc7 b5 31. Ba5 g3 32. Bb6 Bxb4 33. fxg3 Bd2 34. Kf1 Bc4+ 0-1

[Event "POL-chT 2nd League"]
[Site "Sypniewo"]
[Date "2021.09.11"]
[Round "8.2"]
[White "Kacprzak, Karol1"]
[Black "Garbowski, Jakub"]
[Result "1/2-1/2"]
[WhiteElo "2200"]
[BlackElo "2142"]
[PlyCount "45"]
[EventDate "2021.09.04"]
[EventType "team-swiss"]
[EventRounds "9"]
[EventCountry "POL"]
[SourceTitle "CBM 204 Extra"]
[Source "ChessBase"]
[SourceDate "2021.11.30"]
[SourceVersion "1"]
[SourceVersionDate "2021.11.30"]
[SourceQuality "1"]
[WhiteTeam "Opole Rodlo II"]
[BlackTeam "Jaworzno"]
[WhiteTeamCountry "POL"]
[BlackTeamCountry "POL"]

1. e4 c5 2. Nf3 Nc6 3. d4 cxd4 4. Nxd4 Qb6 5. Nb3 Nf6 6. Nc3 e6 7. Bd3 a6 8. 0-0 Be7 9. Kh1 d6 10. f4 Qc7 11. a4 b6 12. Qf3 0-0 13. Bd2 Bb7 14. Rae1 Rad8 15. Ne2 d5 16. e5 Ne4 17. Qh3 f5 18. exf6 Rxf6 19. Be3 Rh6 20. Qg4 Rg6 21. Qh3 Rh6 22. Qg4 Rg6 23. Qh3 1/2-1/2

[Event "POL-chT Academic"]
[Site "Chorzow"]
[Date "2021.05.15"]
[Round "3.9"]
[White "Garbowski, Jakub"]
[Black "Chylewski, Patryk"]
[Result "1/2-1/2"]
[WhiteElo "2142"]
[BlackElo "2323"]
[PlyCount "28"]
[EventDate "2021.05.15"]
[EventType "team-swiss (rapid)"]
[EventRounds "9"]
[EventCountry "POL"]
[SourceTitle "CBM 202 Extra"]
[Source "ChessBase"]
[SourceDate "2021.07.31"]
[SourceVersion "1"]
[SourceVersionDate "2021.07.31"]
[SourceQuality "1"]
[WhiteTeam "Gdansk Univ"]
[BlackTeam "Warsaw Univ"]
[WhiteTeamCountry "POL"]
[BlackTeamCountry "POL"]

1. e4 c6 2. d4 d5 3. Nd2 dxe4 4. Nxe4 Nd7 5. Ng5 Ngf6 6. Bc4 e6 7. Qe2 Nb6 8. Bb3 a5 9. c3 h6 10. N5f3 a4 11. Bc2 a3 12. b3 Nbd5 13. Bd2 c5 14. c4 Nb4 1/2-1/2

[Event "POL-ch Academic"]
[Site "Chorzow"]
[Date "2021.05.15"]
[Round "6.13"]
[White "Garbowski, Jakub"]
[Black "Lukasiewicz, Krzysztof"]
[Result "1-0"]
[WhiteElo "2142"]
[BlackElo "2359"]
[PlyCount "66"]
[EventDate "2021.05.14"]
[EventType "swiss (rapid)"]
[EventRounds "9"]
[EventCountry "POL"]
[SourceTitle "CBM 202 Extra"]
[Source "ChessBase"]
[SourceDate "2021.07.31"]
[SourceVersion "1"]
[SourceVersionDate "2021.07.31"]
[SourceQuality "1"]

1. e4 c5 2. Nf3 d6 3. d4 cxd4 4. Nxd4 Nf6 5. Nc3 a6 6. Be2 e6 7. 0-0 Be7 8. Kh1 Nc6 9. f4 Qc7 10. Be3 Bd7 11. Qe1 Nxd4 12. Bxd4 Bc6 13. Bf3 b5 14. a3 0-0 15. Qg3 a5 16. Rae1 Qb7 17. e5 dxe5 18. fxe5 Nd7 19. Ne4 Kh8 20. Ng5 Bxf3 21. Rxf3 Bxg5 22. Qxg5 Rac8 23. c3 Nb6 24. Rh3 Nd5 25. Re4 f6 26. exf6 gxf6 27. Rxh7+ Qxh7 28. Rh4 e5 29. Rxh7+ Kxh7 30. Qf5+ Kh6 31. Bf2 Rcd8 32. h4 Kg7 33. h5 Ne7 1-0

[Event "POL-ch Academic"]
[Site "Chorzow"]
[Date "2021.05.15"]
[Round "7.7"]
[White "Rozycki, Bartlomiej"]
[Black "Garbowski, Jakub"]
[Result "1-0"]
[WhiteElo "2196"]
[BlackElo "2142"]
[PlyCount "64"]
[EventDate "2021.05.14"]
[EventType "swiss (rapid)"]
[EventRounds "9"]
[EventCountry "POL"]
[SourceTitle "CBM 202 Extra"]
[Source "ChessBase"]
[SourceDate "2021.07.31"]
[SourceVersion "1"]
[SourceVersionDate "2021.07.31"]
[SourceQuality "1"]

1. e4 e5 2. Nf3 Nc6 3. Bc4 Nf6 4. Ng5 d5 5. exd5 Na5 6. Bb5+ c6 7. dxc6 bxc6 8. Be2 Bc5 9. d3 0-0 10. 0-0 h6 11. Nf3 Qc7 12. Nc3 Rd8 13. Be3 Bxe3 14. fxe3 Qb6 15. Qc1 Ng4 16. Nd1 e4 17. dxe4 Ba6 18. Bxa6 Qxa6 19. h3 Nf6 20. Nf2 Qc4 21. b3 Qe6 22. e5 Nh5 23. Qa3 Nb7 24. Rfd1 a5 25. Ne4 Qf5 26. Qa4 Qe6 27. Nd4 Qxe5 28. Nxc6 Rxd1+ 29. Rxd1 Qe6 30. Qc4 Qxc4 31. bxc4 Kf8 32. Rd7 Rd8 1-0

[Event "POL-chT 2nd League"]
[Site "Jastrzebia Gora"]
[Date "2019.09.10"]
[Round "4.17"]
[White "Walaszczyk, Witold"]
[Black "Garbowski, Jakub"]
[Result "0-1"]
[WhiteElo "2075"]
[BlackElo "2052"]
[PlyCount "116"]
[EventDate "2019.09.07"]
[EventType "team-swiss"]
[EventRounds "9"]
[EventCountry "POL"]
[SourceTitle "EXT 2020"]
[Source "ChessBase"]
[SourceDate "2019.10.17"]
[SourceVersion "1"]
[SourceVersionDate "2019.10.17"]
[SourceQuality "1"]
[WhiteTeam "Konin Hetman"]
[BlackTeam "Jaworzno"]
[WhiteTeamCountry "POL"]
[BlackTeamCountry "POL"]

1. d4 Nf6 2. Nf3 g6 3. c4 Bg7 4. g3 d5 5. cxd5 Nxd5 6. Bg2 Nb6 7. 0-0 Nc6 8. e3 0-0 9. Nc3 Re8 10. a3 e5 11. d5 Na5 12. Nd2 c6 13. e4 cxd5 14. exd5 Bf5 15. Qe2 Rc8 16. Qb5 Nbc4 17. Nxc4 Rxc4 18. b4 Rxc3 19. Qxa5 Qxa5 20. bxa5 Bd3 21. Re1 Rc5 22. Bb2 e4 23. Bxg7 Kxg7 24. d6 Rd5 25. Rad1 Re6 26. a6 bxa6 27. Rc1 Rdxd6 28. Rc7 Rb6 29. Rxa7 Rb3 30. Bh3 Rf6 31. Bf1 Bxf1 32. Kxf1 Rbf3 33. Rxe4 Rxf2+ 34. Kg1 Rf1+ 35. Kg2 R6f2+ 36. Kh3 Rh1 37. Rf4 Rhxh2+ 38. Kg4 h5+ 39. Kg5 Rxf4 40. Kxf4 Rf2+ 41. Ke3 Rf6 42. Rc7 g5 43. Rc4 Kg6 44. Ra4 Re6+ 45. Kf3 f5 46. Kf2 g4 47. Kf1 Kg5 48. Ra5 Rf6 49. Kf2 h4 50. gxh4+ Kxh4 51. Rc5 Kg5 52. a4 Rb6 53. a5 Rb2+ 54. Kg3 Ra2 55. Rd5 Ra3+ 56. Kg2 Kf4 57. Rc5 Ra2+ 58. Kg1 g3 0-1

[Event "POL-chT 2nd League"]
[Site "Jastrzebia Gora"]
[Date "2019.09.07"]
[Round "1.3"]
[White "Wlodarczyk, Oskar"]
[Black "Garbowski, Jakub"]
[Result "0-1"]
[WhiteElo "2243"]
[BlackElo "2052"]
[PlyCount "132"]
[EventDate "2019.09.07"]
[EventType "team-swiss"]
[EventRounds "9"]
[EventCountry "POL"]
[SourceTitle "EXT 2020"]
[Source "ChessBase"]
[SourceDate "2019.10.17"]
[SourceVersion "1"]
[SourceVersionDate "2019.10.17"]
[SourceQuality "1"]
[WhiteTeam "Ostrow Wielkopolski"]
[BlackTeam "Jaworzno"]
[WhiteTeamCountry "POL"]
[BlackTeamCountry "POL"]

1. c4 Nf6 2. Nc3 d5 3. cxd5 Nxd5 4. g3 g6 5. Bg2 Nb6 6. d3 Bg7 7. Be3 Nc6 8. Rc1 Be6 9. Qd2 Nd5 10. Bh6 Bxh6 11. Qxh6 Nxc3 12. Qg7 Rf8 13. Bxc6+ bxc6 14. Qxc3 Qd5 15. Nf3 Rb8 16. b3 Rb6 17. 0-0 f6 18. Qd2 Bg4 19. Nh4 Qh5 20. Qe3 g5 21. Rc5 Qf7 22. Nf3 Bxf3 23. Qxf3 Kd7 24. Rfc1 Qe6 25. d4 Rc8 26. R1c3 Rd8 27. d5 cxd5 28. Rxc7+ Ke8 29. Qh5+ Kf8 30. Qxh7 d4 31. Rc1 Rbd6 32. Qh8+ Kf7 33. Qh5+ Kf8 34. Rxa7 d3 35. exd3 Rxd3 36. Kf1 Qe4 37. Kg1 g4 38. Qh8+ Kf7 39. Qh5+ Kg7 40. Rf1 R3d5 41. Ra4 Qxa4 42. Qxd5 Rxd5 43. bxa4 Rd4 44. Ra1 Rxa4 45. a3 Kg6 46. Kf1 Kf5 47. Ra2 e5 48. Ke2 Ke4 49. Kd2 Kf3 50. Kc3 Kg2 51. f4+ Kf3 52. fxe5 fxe5 53. Kb3 Ra8 54. Ra1 e4 55. Rf1+ Ke2 56. Rf4 e3 57. Rxg4 Kd3 58. Rg7 Rb8+ 59. Ka4 Re8 60. Rd7+ Kc2 61. Rc7+ Kb2 62. Rb7+ Ka2 63. Rc7 Re4+ 64. Kb5 Kb2 65. Rd7 e2 66. Rd2+ Kxa3 0-1

[Event "POL-ch U18"]
[Site "Szklarska Poreba"]
[Date "2019.03.12"]
[Round "5"]
[White "Ochowicz, Jakub"]
[Black "Garbowski, Jakub"]
[Result "0-1"]
[WhiteElo "1988"]
[BlackElo "2151"]
[PlyCount "94"]
[EventDate "2019.03.09"]
[EventType "swiss"]
[EventRounds "9"]
[EventCountry "POL"]
[SourceTitle "CBM 189 Extra"]
[Source "ChessBase"]
[SourceDate "2019.05.31"]
[SourceVersion "1"]
[SourceVersionDate "2019.05.31"]
[SourceQuality "1"]

1. e4 c5 2. Nf3 Nc6 3. d4 cxd4 4. Nxd4 Qb6 5. Nb5 a6 6. Be3 Qa5+ 7. Bd2 Qd8 8. N5c3 e6 9. Bd3 Nf6 10. 0-0 Be7 11. Ne2 0-0 12. Nbc3 b5 13. a4 b4 14. Na2 d5 15. Ng3 Bb7 16. Qe1 Qb6 17. Nc1 Rfd8 18. Nb3 dxe4 19. Nxe4 Ne5 20. Nxf6+ Bxf6 21. Be4 Nc4 22. Bxb7 Qxb7 23. Bxb4 Bxb2 24. Rb1 Bf6 25. Bc3 Bxc3 26. Qxc3 Qd5 27. h3 Rdc8 28. Rfd1 Qg5 29. Nd4 Qe5 30. Qf3 Qf6 31. Qxf6 gxf6 32. Rb7 Rd8 33. Rd3 Ne5 34. Rg3+ Kf8 35. Nb3 Rdc8 36. Nd2 f5 37. c3 Rab8 38. Ra7 Rb2 39. Nf3 f4 40. Rg5 Nxf3+ 41. gxf3 Rxc3 42. h4 Rxf3 43. h5 h6 44. Rc5 Rbxf2 45. Rcc7 Rf1+ 46. Kg2 R3f2+ 47. Kh3 Rh1+ 0-1

[Event "POL-chT 2nd League"]
[Site "Jastrzebia Gora"]
[Date "2018.09.01"]
[Round "1.16"]
[White "Krzywicki, Dariusz"]
[Black "Garbowski, Jakub"]
[Result "0-1"]
[WhiteElo "2130"]
[BlackElo "2169"]
[PlyCount "108"]
[EventDate "2018.09.01"]
[EventType "team-swiss"]
[EventRounds "9"]
[EventCountry "POL"]
[SourceTitle "CBM 186 Extra"]
[Source "ChessBase"]
[SourceDate "2018.08.24"]
[SourceVersion "1"]
[SourceVersionDate "2018.08.24"]
[SourceQuality "1"]
[WhiteTeam "Olsztyn Debiut Dziesiatka"]
[BlackTeam "Jaworzno"]
[WhiteTeamCountry "POL"]
[BlackTeamCountry "POL"]

1. Nf3 Nf6 2. g3 g6 3. Bg2 Bg7 4. c4 0-0 5. Nc3 d5 6. cxd5 Nxd5 7. 0-0 Nb6 8. d4 Nc6 9. e3 a5 10. a4 Re8 11. Re1 e5 12. d5 Nb4 13. e4 c6 14. Bg5 f6 15. Be3 cxd5 16. Bxb6 Qxb6 17. Nxd5 Nxd5 18. exd5 Bd7 19. Nd2 Rac8 20. b3 f5 21. Nc4 Qb4 22. Rc1 e4 23. d6 Kh8 24. Bf1 Rcd8 25. Qd5 Qxb3 26. Qxa5 Qxa4 27. Qc7 Bc6 28. Nb6 Qa5 29. Red1 Qe5 30. Nc4 Qe6 31. Qb6 f4 32. Na5 e3 33. Nxc6 bxc6 34. Bc4 Qe5 35. fxe3 fxg3 36. Bf1 gxh2+ 37. Kh1 Rxd6 38. Rxd6 Qxd6 39. Qxc6 Qxc6+ 40. Rxc6 Be5 41. Bc4 Rb8 42. Bd3 Rb3 43. Rc8+ Kg7 44. Rg8+ Kh6 45. Rd8 Rc3 46. Bf1 Rxe3 47. Rd1 Kg5 48. Rb1 h5 49. Bg2 h4 50. Rf1 h3 51. Bd5 Kh4 52. Bc4 g5 53. Rf7 g4 54. Bf1 Rg3 0-1

[Event "Poznan op 26th"]
[Site "Poznan"]
[Date "2018.08.22"]
[Round "5"]
[White "Garbowski, Jakub"]
[Black "Rozumek, Krzysztof"]
[Result "1-0"]
[WhiteElo "2129"]
[BlackElo "1848"]
[PlyCount "59"]
[EventDate "2018.08.19"]
[EventType "swiss"]
[EventRounds "9"]
[EventCountry "POL"]
[SourceTitle "CBM 186 Extra"]
[Source "ChessBase"]
[SourceDate "2018.08.24"]
[SourceVersion "1"]
[SourceVersionDate "2018.08.24"]
[SourceQuality "1"]

1. e4 c6 2. d4 d5 3. Nd2 dxe4 4. Nxe4 Nd7 5. Nf3 Ngf6 6. Ng3 g6 7. Bd3 Bg7 8. Bg5 0-0 9. Qd2 Re8 10. 0-0-0 b5 11. h4 h5 12. Bh6 Nh7 13. Bxg7 Kxg7 14. Qc3 Ndf6 15. Ng5 Qd5 16. Kb1 a5 17. Rde1 b4 18. Qd2 Ba6 19. Bxa6 Rxa6 20. Re5 Qxg2 21. Qe2 Ra7 22. Nh3 Ng4 23. Nf4 Qxf2 24. Nfxh5+ gxh5 25. Nxh5+ Kh8 26. Qxg4 Rg8 27. Rg5 Raa8 28. Nf4 Raf8 29. Nd3 f5 30. Rxg8+ 1-0

[Event "Poznan op 26th"]
[Site "Poznan"]
[Date "2018.08.21"]
[Round "4"]
[White "Wojdak, Jan"]
[Black "Garbowski, Jakub"]
[Result "0-1"]
[WhiteElo "1818"]
[BlackElo "2129"]
[PlyCount "132"]
[EventDate "2018.08.19"]
[EventType "swiss"]
[EventRounds "9"]
[EventCountry "POL"]
[SourceTitle "CBM 186 Extra"]
[Source "ChessBase"]
[SourceDate "2018.08.24"]
[SourceVersion "1"]
[SourceVersionDate "2018.08.24"]
[SourceQuality "1"]

1. e4 c5 2. Nf3 e6 3. d4 cxd4 4. Nxd4 Nf6 5. Nc3 d6 6. Be2 a6 7. f4 Qc7 8. Be3 Nbd7 9. Bf3 Rb8 10. a4 Nb6 11. 0-0 Nc4 12. Qe1 Be7 13. Be2 0-0 14. Bxc4 Qxc4 15. a5 Bd7 16. Qd1 Rbd8 17. Qf3 e5 18. fxe5 dxe5 19. Nf5 Bxf5 20. Qxf5 Bc5 21. Bxc5 Qxc5+ 22. Kh1 Rd6 23. Rad1 Re6 24. Ra1 Qb4 25. Qf3 Rc6 26. Rfb1 Rd8 27. Rd1 Rd4 28. Ne2 Rdd6 29. Rxd6 Rxd6 30. Qc3 Qxc3 31. Nxc3 Rd2 32. Rc1 Ng4 33. Nb1 Rd4 34. Nc3 Nf2+ 35. Kg1 Nxe4 36. Nxe4 Rxe4 37. Rd1 Kf8 38. Rd7 Rb4 39. b3 g6 40. Kf2 Kg7 41. Ke3 Kf6 42. Kd3 Ke6 43. Rc7 Rd4+ 44. Ke3 Rd7 45. Rc8 f5 46. g3 Kd6 47. c4 Rc7 48. Rd8+ Kc5 49. Kd3 e4+ 50. Kc3 Kc6 51. b4 Rd7 52. Rc8+ Kd6 53. Re8 Re7 54. Rd8+ Kc7 55. Rd2 g5 56. Rf2 e3 57. Re2 f4 58. gxf4 gxf4 59. Kd3 Kd6 60. Kd4 Rf7 61. Re1 Re7 62. b5 e2 63. c5+ Kc7 64. bxa6 bxa6 65. Kd3 f3 66. Kd2 f2 0-1

[Event "Poznan op 26th"]
[Site "Poznan"]
[Date "2018.08.19"]
[Round "1"]
[White "Garbowski, Jakub"]
[Black "Hoffmann, Kacper"]
[Result "1-0"]
[WhiteElo "2129"]
[BlackElo "1569"]
[PlyCount "67"]
[EventDate "2018.08.19"]
[EventType "swiss"]
[EventRounds "9"]
[EventCountry "POL"]
[SourceTitle "CBM 186 Extra"]
[Source "ChessBase"]
[SourceDate "2018.08.24"]
[SourceVersion "1"]
[SourceVersionDate "2018.08.24"]
[SourceQuality "1"]

1. e4 d6 2. d4 Nf6 3. Nc3 g6 4. Nf3 Bg7 5. Bc4 0-0 6. Bb3 c5 7. h3 Nc6 8. Be3 cxd4 9. Nxd4 e5 10. Ndb5 Ne8 11. Qd2 a6 12. Na3 b5 13. Nd5 Rb8 14. Rd1 Nd4 15. Bg5 Nf6 16. c3 Nxb3 17. axb3 Bb7 18. Bxf6 Bxf6 19. Nc2 Bg7 20. 0-0 f5 21. exf5 gxf5 22. f4 Rf7 23. Nce3 exf4 24. Nxf4 Be5 25. Nfd5 Qg5 26. Nxf5 Rxf5 27. Rxf5 Qxd2 28. Rxd2 Re8 29. Nf6+ Bxf6 30. Rxf6 d5 31. Kf2 Kg7 32. Rb6 Re7 33. Re2 Rf7+ 34. Ke3 1-0

[Event "Lazy Baltic Pearl op 14th"]
[Site "Lazy"]
[Date "2018.07.02"]
[Round "8"]
[White "Luba, Lukasz"]
[Black "Garbowski, Jakub"]
[Result "1/2-1/2"]
[WhiteElo "2094"]
[BlackElo "2138"]
[PlyCount "136"]
[EventDate "2018.06.24"]
[EventType "swiss"]
[EventRounds "9"]
[EventCountry "POL"]
[SourceTitle "CBM 185 Extra"]
[Source "ChessBase"]
[SourceDate "2018.07.29"]
[SourceVersion "1"]
[SourceVersionDate "2018.07.29"]
[SourceQuality "1"]

1. d4 Nf6 2. c4 g6 3. Nc3 d5 4. h3 Bg7 5. Bf4 0-0 6. g4 c6 7. e3 dxc4 8. Bxc4 Nbd7 9. Be2 Qa5 10. Qd2 c5 11. d5 Nb6 12. e4 Na4 13. Nxa4 Qxa4 14. f3 e6 15. d6 e5 16. Bg5 Be6 17. h4 Rad8 18. h5 Qd4 19. Qxd4 cxd4 20. h6 Bh8 21. f4 exf4 22. e5 Nxg4 23. Bxg4 Bxg4 24. Rh4 f6 25. exf6 Rde8+ 26. Kd2 Bf5 27. Rxf4 Bxf6 28. Nf3 Rd8 29. Rc1 Rxd6 30. Bxf6 Rfxf6 31. Rxd4 Bg4 32. Rxd6 Rxd6+ 33. Ke3 Re6+ 34. Kf4 Bxf3 35. Kxf3 Kf7 36. Kg4 Re4+ 37. Kg5 Re5+ 38. Kg4 Kf6 39. Rf1+ Rf5 40. Rc1 Ke6 41. Re1+ Kd7 42. Rd1+ Kc7 43. Rc1+ Kd7 44. Rd1+ Ke7 45. Re1+ Kf6 46. Rc1 Rg5+ 47. Kf4 Rh5 48. Rc7 Rxh6 49. Rxb7 Rh4+ 50. Kg3 Ra4 51. Rxh7 Rxa2 52. b4 Kg5 53. b5 Ra3+ 54. Kf2 Kg4 55. Rb7 g5 56. b6 Ra2+ 57. Kg1 axb6 58. Rxb6 Ra3 59. Kg2 Ra2+ 60. Kg1 Kh4 61. Rb4+ g4 62. Rb3 Rc2 63. Ra3 Re2 64. Rb3 Kg5 65. Kf1 Re4 66. Rb2 Kf4 67. Kg2 Ra4 68. Rc2 Rb4 1/2-1/2

[Event "Lazy Baltic Pearl op 14th"]
[Site "Lazy"]
[Date "2018.06.25"]
[Round "2"]
[White "Hasterok, Mateusz"]
[Black "Garbowski, Jakub"]
[Result "1/2-1/2"]
[WhiteElo "1837"]
[BlackElo "2138"]
[PlyCount "52"]
[EventDate "2018.06.24"]
[EventType "swiss"]
[EventRounds "9"]
[EventCountry "POL"]
[SourceTitle "CBM 185 Extra"]
[Source "ChessBase"]
[SourceDate "2018.07.29"]
[SourceVersion "1"]
[SourceVersionDate "2018.07.29"]
[SourceQuality "1"]

1. d4 Nf6 2. c4 g6 3. Nc3 d5 4. Nf3 Bg7 5. Qb3 dxc4 6. Qxc4 0-0 7. e4 Nc6 8. Be2 e5 9. d5 Nd4 10. 0-0 Re8 11. Bg5 h6 12. Bh4 Bd7 13. Nxd4 exd4 14. Qxd4 Nxe4 15. Qxe4 Rxe4 16. Bxd8 Bxc3 17. Bd3 Rd4 18. bxc3 Rxd3 19. Bxc7 Rxd5 20. Rfd1 Be6 21. Rxd5 Bxd5 22. a3 Re8 23. Bf4 Kg7 24. Be3 a6 25. h4 Re4 26. g3 h5 1/2-1/2

[Event "POL-ch rapid"]
[Site "Zgierz"]
[Date "2018.03.04"]
[Round "7"]
[White "Zochowski, Kacper"]
[Black "Garbowski, Jakub"]
[Result "1-0"]
[WhiteElo "2250"]
[BlackElo "2112"]
[PlyCount "75"]
[EventDate "2018.03.04"]
[EventType "swiss (rapid)"]
[EventRounds "9"]
[EventCountry "POL"]
[SourceTitle "CBM 183 Extra"]
[Source "ChessBase"]
[SourceDate "2018.04.19"]
[SourceVersion "1"]
[SourceVersionDate "2018.04.19"]
[SourceQuality "1"]

1. Nf3 Nf6 2. g3 g6 3. b3 Bg7 4. Bb2 0-0 5. Bg2 d5 6. 0-0 c5 7. c4 Nc6 8. cxd5 Nxd5 9. Bxg7 Kxg7 10. Qc2 Qd6 11. Nc3 Ncb4 12. Qc1 Nxc3 13. dxc3 Nc6 14. Rd1 Qf6 15. Qe3 Be6 16. Qxc5 Rfc8 17. Qe3 a5 18. Nd4 Nxd4 19. cxd4 Rc7 20. Rac1 Rd7 21. Qc3 a4 22. d5 Qxc3 23. Rxc3 axb3 24. axb3 f5 25. f4 Ra5 26. Rcd3 Bf7 27. Kf2 Kf6 28. Rd4 Rb5 29. b4 Rd6 30. g4 Rdb6 31. g5+ Kg7 32. d6 exd6 33. Rxd6 Rxd6 34. Rxd6 Rxb4 35. Rd7 Kf8 36. Kg3 Rb3+ 37. Kf2 b5 38. Rxf7+ 1-0